| 000 | 00644nam a2200229 a 4500 | ||
|---|---|---|---|
| 001 | 54652 | ||
| 003 | BD-RjUL | ||
| 005 | 20211209080141.0 | ||
| 008 | 161108r19751973ii ||||| |||| 001 0 eng d | ||
| 035 | _a(BD-RjUL)54774 | ||
| 040 |
_aBD-RjUL _beng _cBD-RjUL _dBD-RjUL |
||
| 041 | _aeng | ||
| 082 |
_223 _a516 _bNAA 1975 |
||
| 100 |
_a Narayan, Shanti _9152750 |
||
| 245 |
_aAnalytical solid geometry / _cShanti Narayan |
||
| 250 | _a15th ed. | ||
| 260 |
_aNew Delhi : _bS. CHAND & Co. (Pvt.) LTD., _c1973 [Reprinted 1975] |
||
| 300 |
_ax,310 p. : _bill. ; _c22 cm. |
||
| 500 | _aIncludes index | ||
| 650 |
_aGeometry _9162995 |
||
| 942 |
_2ddc _cBK |
||
| 999 |
_c54652 _d54652 |
||